Sports Quiz

Random Sports or NFL Quiz

NFL Receiving Yards Leaders since 2010 Quiz Stats

 Plays Quiz not verified by Sporcle

Challenge
Share
Tweet
Embed
Score 0/50 Timer 04:00
0 Plays Today
Hint Answer % Correct
2011Calvin Johnson
98.9%
2012Calvin Johnson
98.9%
2010Calvin Johnson
98.9%
2013Calvin Johnson
98.9%
2010Andre Johnson
98.5%
2012Andre Johnson
98.5%
2013Andre Johnson
98.5%
2014Julio Jones
97.2%
2012Dez Bryant
96.9%
2014Dez Bryant
96.9%
2012Demaryius Thomas
96.7%
2013Demaryius Thomas
96.7%
2014Demaryius Thomas
96.7%
2014Antonio Brown
96.6%
2013Antonio Brown
96.6%
2011Jordy Nelson
96.4%
2013Jordy Nelson
96.4%
2014Jordy Nelson
96.4%
2010Larry Fitzgerald
95.2%
2011Larry Fitzgerald
95.2%
2011Brandon Marshall
95.2%
2012Brandon Marshall
95.1%
2012AJ Green
94.9%
2013AJ Green
94.9%
2013DeSean Jackson
94.4%
Hint Answer % Correct
2010Reggie Wayne
94.1%
2012Reggie Wayne
94.1%
2012Vincent Jackson
94%
2010Roddy White
94%
2011Roddy White
94%
2012Roddy White
94%
2014TY Hilton
92.7%
2011Wes Welker
92.4%
2012Wes Welker
92.4%
2014Odell Beckham Jr
92.3%
2013Josh Gordon
92.1%
2011Steve Smith Sr.
90.7%
2014Golden Tate
89.8%
2014Emmanuel Sanders
87.8%
2011Rob Gronkowski
87.7%
2011Victor Cruz
86.3%
2014Jeremy Maclin
85.5%
2013Alshon Jeffery
84.7%
2010Dwyane Bowe
84.6%
2011Jimmy Graham
83.6%
2013Pierre Garcon
82.8%
2010Santana Moss
79.4%
2010Greg Jennings
75.2%
2010Mike Wallace
64.6%
2010Brandon Lloyd
51.5%

You're not logged in!

Compare scores with friends on all Sporcle quizzes.
Join for Free
OR
Log In

You Might Also Like...

Show Comments

Extras

Top Quizzes Today


Score Distribution

Your Account Isn't Verified!

In order to create a playlist on Sporcle, you need to verify the email address you used during registration. Go to your Sporcle Settings to finish the process.

Report this User

Report this user for behavior that violates our Community Guidelines.

Details: